| 000 | 00521nam a22001817a 4500 | ||
|---|---|---|---|
| 005 | 20220119185149.0 | ||
| 007 | ta | ||
| 008 | 220119b |||||||| |||| 00| 0 sp d | ||
| 040 |
_aCUSACQ _cCUSACQ |
||
| 041 | _aspa | ||
| 082 | _aS.G.(F) 342.7281 G918 lp | ||
| 100 |
_aConsejo Nacional de Areas Protegidas. _9355 |
||
| 245 |
_aLey de áreas protegidas: Decreto 4-89. / _cCONAP |
||
| 260 |
_aGuatemala: _bCONAP, _cc1995. |
||
| 300 |
_a80 p.; _bil.; _c25 cm. |
||
| 650 |
_aProteccion - Conservación. _9356 |
||
| 942 |
_2ddc _cBK _n0 |
||
| 999 |
_c166 _d166 |
||